Konzistentnosť komunikačnej politiky centrálnych bánk Eurosystému

Princípy komunikácie centrálnej banky Eurosystému. Komunikácia o eure.

Enregistré dans:
Détails bibliographiques
Auteur principal: Karasová, Eva
Format: Chapitre de livre
Langue:slovaque
Sujets:
Tags: Ajouter un tag
Pas de tags, Soyez le premier à ajouter un tag!

MARC

LEADER 00000naa$a2200000$$$4500
001 0111258
005 20231116085954.4
041 0 |a slo 
044 |a SK 
245 1 0 |a Konzistentnosť komunikačnej politiky centrálnych bánk Eurosystému  |c Eva Karasová 
520 |a Princípy komunikácie centrálnej banky Eurosystému. Komunikácia o eure. 
610 2 0 |a eurozóna 
610 2 0 |a banky centrálne 
610 2 0 |a politika menová 
610 2 0 |a komunikácia 
100 1 |a Karasová, Eva